[Event "BL 2017-18"]
[Site "Germany"]
[Date "2018.03.10"]
[Round "11"]
[White "Hausrath, Daniel"]
[Black "Adams, Michael"]
[Result "1/2-1/2"]
[WhiteElo "2499"]
[BlackElo "2709"]
[Annotator "TA"]
[PlyCount "102"]
[EventDate "2018.05.24"]
[EventType "team-tourn"]
[EventCountry "GER"]
[SourceTitle "playchess.com"]
[Source "ChessBase"]
[SourceQuality "1"]
[WhiteTeam "Muelheim"]
[BlackTeam "Baden-Baden"]

{[%evp 12,102,14,12,16,11,14,-12,0,-14,-15,-31,-27,-38,-37,-50,-37,-48,-26,-33,-34,-19,-12,-31,0,-86,-66,-72,-35,-39,-54,-9,0,0,0,0,0,0,0,0,0,0,0,0,4,12,120,85,110,60,60,75,48,8,100,0,63,63,62,59,60,58,51,60,60,60,55,49,49,49,61,62,62,0,0,0,0,0,0,0,15,0,0,0,0,0,0,0,0,0,0,0,0]} 1. Nf3 d5 2. g3 Nf6 3. Bg2 c6 4. O-O Bg4 5. d4 e6 6. Nbd2 Be7 {D02: 1 d4 d5 2 Nf3 sidelines, including 2...Nf6 3 g3 and 2...Nf6 3 Bf4} 7. Re1 {LiveBook: 76 Games} a5 8. c3 a4 9. e4 O-O 10. Qe2 $146 ({Find the theoretical novelty and annotate with similar games:} 10. a3 Bh5 11. e5 Nfd7 12. h3 b5 13. Nf1 c5 14. dxc5 Nxc5 {½-½ (41) Mamedyarov,S (2726)-Morozevich,A (2770) Astana 2012}) 10... Bh5 11. Qf1 Nbd7 12. e5 Ne8 $1 13. h4 Nc7 14. Bh3 Bg6 15. a3 c5 16. Qe2 Ra6 17. Nf1 Rb6 18. g4 (18. Qd1 $11) 18... cxd4 $17 19. cxd4 Bxh4 20. g5 $1 Bh5 {[#] aiming for ...f6.} 21. N1h2 $1 f6 22. gxf6 gxf6 23. Bh6 Rf7 24. Kh1 {Rg1+ is the strong threat.} fxe5 {Threatens to win with ...e4.} 25. Rg1+ Bg6 26. dxe5 Be7 27. Rac1 Bf8 28. Bg5 Qb8 (28... Be7 $1 $11 {remains equal.}) 29. Nh4 $16 Rc6 30. Rxc6 bxc6 31. Nxg6 hxg6 32. Qc2 {Strongly threatening Ng4.} Bg7 {[#]} (32... Nxe5 $11 {keeps the balance.} 33. f4 Nd7) 33. f4 ({Better is} 33. Rg3 $1 $16) 33... Qb3 ({Black should try} 33... Nf8 $1 $11) 34. Qxb3 $14 axb3 35. Rc1 $1 {[%cal Rc1c6]} c5 36. Bd8 Rxf4 37. Bxc7 Kf7 38. Ng4 Re4 {[%cal Rg7e5]} 39. Rf1+ Ke8 {[%cal Rd7e5]} 40. Nf2 Re2 41. Bxe6 {Hoping for Nd3.} Bxe5 42. Bxe5 (42. Bg4 $1 $14 Re3 43. Nd1) 42... Rxe5 $11 {The position is equal.} 43. Bxd7+ Kxd7 $14 {[%mdl 4096] Endgame KRN-KR} 44. Nd3 Rh5+ 45. Kg2 c4 46. Rd1 (46. Ne1 {NOTEXT} Rh8 47. Nf3 Kd6 48. Re1 g5 49. Nd2) 46... cxd3 47. Rxd3 Re5 {And now ...Re2+ would win.} 48. Rxb3 Kc6 49. a4 d4 50. Kf3 g5 51. Ra3 Kc5 {Precision: White = 59%, Black = 65%.} 1/2-1/2

[Event "BL 2017-18"]
[Site "Germany"]
[Date "2018.03.10"]
[Round "11"]
[White "Feygin, Michael"]
[Black "Svidler, Peter"]
[Result "0-1"]
[WhiteElo "2493"]
[BlackElo "2760"]
[Annotator "TA"]
[PlyCount "106"]
[EventDate "2018.05.24"]
[EventType "team-tourn"]
[EventCountry "GER"]
[SourceTitle "playchess.com"]
[Source "ChessBase"]
[SourceQuality "1"]
[WhiteTeam "Muelheim"]
[BlackTeam "Baden-Baden"]

{[%evp 19,106,-10,0,-33,-27,-32,-26,-44,-29,-39,0,-37,-41,-33,-54,-63,-66,-66,-75,-62,-57,-57,-39,-54,-45,-32,-50,-35,-17,-17,-6,-52,-19,-19,-25,-20,-19,-49,-35,-137,-135,-137,-132,-132,-120,-126,-126,-137,-135,-122,-133,-134,-117,-132,-128,-129,-132,-168,-150,-165,-148,-216,-209,-216,-216,-216,-216,-216,-197,-204,-185,-189,-143,-264,-263,-277,-268,-360,-358,-336,-280,-334,-338,-338,-314,-339,-350,-564,-564]} 1. f4 d5 2. Nf3 g6 3. g3 Bg7 4. Bg2 Nf6 5. O-O O-O 6. d3 c5 7. Nc3 d4 8. Na4 Nfd7 {A03: Bird's Opening with 1...d5} (8... Qc7 9. c3 dxc3 10. Nxc3 Nc6 11. Kh1 b6 12. e4 Ba6 13. e5 Ne8 14. a4 Qd7 15. Nb5 Nc7 16. Qb3 {1-0 (31) Chigaev,M (2497)-Van Wely,L (2665) Jurmala 2015}) 9. c4 Nc6 10. a3 Rb8 {LiveBook: 3 Games. The position is equal.} 11. Bd2 b6 12. b4 Qc7 13. Qc2 Bb7 14. Rab1 Nd8 $146 ({Predecessor:} 14... Ba8 15. Rb2 Rfe8 {½-½ (41) Rodriguez Vila,A (2434)-Supi,L (2384) Buenos Aires 2014}) 15. bxc5 bxc5 16. Rb5 Bc6 17. Rxb8 Qxb8 18. Ng5 Bxg2 19. Kxg2 Qc7 20. e4 dxe3 21. Bxe3 Nb7 22. Ne4 Nd6 23. Nac3 Bxc3 24. Nxc3 Nf6 25. Kg1 Rd8 26. Nd5 Nxd5 27. cxd5 Rc8 28. Rb1 Qa5 29. Qe2 ({White should try} 29. Qb2 $15) 29... Qxa3 $17 30. Bc1 Qa4 31. Bb2 Rb8 (31... Qa2 32. Ra1 $11) 32. Re1 {Black should prevent Qe5.} ({Wrong is} 32. Qe5 $2 f6 $19) 32... Qa2 33. Bc3 Qxe2 34. Rxe2 {[%mdl 4096] Endgame KRB-KRN} Rb3 35. Rc2 f6 36. Be1 Nb7 37. Bf2 Rb5 38. Kf1 Kf7 39. Ke2 Ke8 40. Kf3 (40. Kd2 $17) 40... Kd7 41. d4 cxd4 42. Ke4 a5 {[%cal Ba7a5,Ba5a4][%mdl 32]} 43. Kxd4 Rb4+ 44. Kd3 Kd6 45. Re2 a4 46. Kc3 (46. Be1 $17 Nc5+ 47. Kc3) 46... Rb3+ $19 47. Kc2 Na5 ({Not} 47... Kxd5 48. Rxe7 h5 49. Rd7+ Nd6 50. Rd8 $17) 48. Be1 Nc4 49. Re6+ Kd7 50. Ra6 Ne3+ 51. Kc1 a3 ({Less strong is} 51... Nxd5 52. Rxa4 Ke6 53. Kc2 $17) 52. Ra5 Kd6 53. Bf2 $2 {[#]} (53. Rxa3 {keeps fighting.} Rxa3 54. Bb4+ Kxd5 55. Bxa3) 53... Nc4 {Precision: White = 48%, Black = 73%.} 0-1

[Event "BL 2017-18"]
[Site "Germany"]
[Date "2018.03.10"]
[Round "11"]
[White "Baldauf, Marco"]
[Black "Gerigk, Erasmus"]
[Result "1/2-1/2"]
[WhiteElo "2481"]
[BlackElo "2344"]
[Annotator "TA"]
[PlyCount "46"]
[EventDate "2018.05.24"]
[EventType "team-tourn"]
[EventCountry "GER"]
[SourceTitle "playchess.com"]
[Source "ChessBase"]
[SourceQuality "1"]
[WhiteTeam "SFR Berlin"]
[BlackTeam "Zugzwang Muenchen"]

{[%evp 14,46,9,11,26,17,9,19,26,22,18,22,27,18,49,18,36,0,0,-14,-10,-3,0,0,0,-2,0,-12,-13,-41,4,4,2,2,4]} 1. Nf3 Nf6 2. c4 e6 3. g3 d5 4. Bg2 Be7 5. d4 O-O 6. Qc2 c5 7. O-O cxd4 8. Nxd4 {LiveBook: 207 Games. E06: Closed Catalan: Early deviations} Bd7 $146 ({Predecessor:} 8... Na6 9. cxd5 Nb4 10. Qb3 e5 11. Nb5 Nbxd5 12. N1c3 Be6 13. Nxd5 Bxd5 14. Bxd5 Qxd5 15. Bg5 Qxb3 16. axb3 {½-½ (46) Carlsen,M (2834)-Wei,Y (2743) Wijk aan Zee 2018}) 9. Rd1 Nc6 10. Nxc6 Bxc6 11. cxd5 Nxd5 {[%cal Bf6d5,Bd5b4,Bb4d3][%mdl 32]} 12. Nc3 Nb4 13. Qb3 Qc7 14. e4 Rfd8 15. Bf4 Qa5 16. Be3 Nd3 17. Qc2 Nb4 18. Qb3 Nd3 19. Qc2 Nb4 20. Rxd8+ Rxd8 21. Qb3 Bc5 22. Bxc5 $1 Qxc5 23. Rd1 $1 {[%cal Rd1d8]} Rd4 1/2-1/2

[Event "BL 2017-18"]
[Site "Germany"]
[Date "2018.03.10"]
[Round "11"]
[White "Studer, Noel"]
[Black "Nisipeanu, Liviu-Dieter"]
[Result "1/2-1/2"]
[WhiteElo "2481"]
[BlackElo "2681"]
[Annotator "TA"]
[PlyCount "137"]
[EventDate "2018.05.24"]
[EventType "team-tourn"]
[EventCountry "GER"]
[SourceTitle "playchess.com"]
[Source "ChessBase"]
[SourceQuality "1"]
[WhiteTeam "Bayern Muenchen"]
[BlackTeam "Dresden"]

{[%evp 16,137,10,0,0,5,4,0,0,0,0,-8,0,0,33,39,37,26,56,20,27,38,26,27,47,-17,23,44,50,24,40,37,40,44,44,34,56,41,72,81,79,87,86,91,88,79,86,86,95,85,87,64,83,64,95,97,154,131,174,137,163,150,170,149,137,145,150,144,164,161,164,163,139,146,147,76,77,78,75,77,81,82,81,77,70,15,15,15,15,11,14,11,11,9,9,9,9,8,8,8,8,8,8,8,8,8,8,8,8,8,8,8,8,0,8,0,8,0,8,8,8,8,8,8]} 1. d4 Nf6 2. c4 e6 3. Nf3 d5 4. g3 Bb4+ 5. Bd2 a5 6. Bg2 dxc4 7. O-O O-O {E04: Open Catalan: 5 Nf3} 8. Qc2 Bxd2 9. Qxd2 {LiveBook: 3 Games} b5 10. Ne5 Ra6 11. a4 c6 $1 12. Nc3 $146 ({Predecessor:} 12. Na3 Bd7 13. e4 Be8 14. Rfd1 Nbd7 15. Qe3 {1-0 (103) Le,Q (2737)-Wang,H (2709) Huaian 2017}) 12... b4 13. Nb1 c5 14. dxc5 Qc7 15. Nxc4 Qxc5 16. Rc1 Nbd7 {[%cal Bb8d7,Bd7c5,Bc5d3][%mdl 32]} 17. Qe1 Qe7 18. Nbd2 {Strongly threatening Nb3.} Nc5 19. Ne5 {Nc6 is the strong threat.} Nfd7 20. Nd3 ({White should play} 20. Nc6 $14 Qf6 21. Ne4 Nxe4 22. Bxe4) 20... Nxd3 21. exd3 Qd6 22. Qe3 Qb8 23. Bc6 Nf6 24. Nb3 Bd7 25. Bf3 Nd5 26. Qd4 Nb6 27. Rc5 Qa7 28. Bc6 (28. Rg5 f6 $15) 28... Bxc6 29. Rxc6 Nd5 30. Qxa7 Rxa7 31. Rac1 g6 32. R1c5 Rfa8 33. Rc8+ Rxc8 34. Rxc8+ $14 {[%mdl 4096] Endgame KRN-KRN} Kg7 {next ...Nb6 is good for Black.} 35. Rb8 Ne7 (35... Nc7 $142) 36. Rb5 $16 Nc6 37. Rc5 Ra6 38. d4 Kf6 39. Kf1 Ke7 40. Ke2 Kd6 {Threatens to win with ...Nxd4+!} 41. Kd3 e5 {[#]} 42. Kc4 $1 Nxd4 {[#]} 43. Rd5+ $1 ({Don't play} 43. Nxa5 $6 Rb6 $16) (43. Rxa5 $6 Rc6+ 44. Rc5 Nxb3 $11) (43. Nxd4 $6 exd4 44. Kxd4 h5 $14) 43... Kc7 44. Nxa5 ({Much less strong is} 44. Rxa5 $6 Rxa5 45. Nxa5 Kb6 $11) 44... f6 45. Nb3 ({Reject} 45. Kxb4 $6 Rb6+ 46. Kc3 Ne2+ 47. Kc4 Rxb2 $11) (45. f4 $142) 45... Rxa4 46. Nxd4 exd4 47. Rxd4 {KR-KR} b3+ 48. Kc3 Ra1 49. Rh4 h5 {[%cal Bh7h5,Bh5h4,Bh4h3][%mdl 32]} 50. Rf4 (50. Kxb3 $14 Kd6 51. Rd4+ Ke6 52. Kc3) 50... Rh1 $11 {The position is equal.} 51. Rxf6 {Black must now prevent h4.} Rxh2 52. Kxb3 g5 53. Rf5 Rg2 $1 54. Ka2 h4 $1 55. Rxg5 h3 56. Rh5 h2 57. f4 Kd6 58. Rh6+ Kc5 59. f5 Rxg3 60. Rxh2 {And now Rf2 would win.} Rf3 61. Rh5 Kc4 62. Rg5 Rf1 63. Rg4+ Kb5 64. Rg5 {With the idea Kb3.} Kc4 65. Rh5 Kb4 66. Rg5 Kc4 67. b3+ Kb4 68. Rg4+ Kb5 69. Rh4 {Precision: White = 64%, Black = 69%.} 1/2-1/2

[Event "BL 2017-18"]
[Site "Germany"]
[Date "2018.03.10"]
[Round "11"]
[White "Horvath, Adam"]
[Black "McShane, Luke J"]
[Result "0-1"]
[WhiteElo "2476"]
[BlackElo "2643"]
[Annotator "TA"]
[PlyCount "129"]
[EventDate "2018.05.24"]
[EventType "team-tourn"]
[EventCountry "GER"]
[SourceTitle "playchess.com"]
[Source "ChessBase"]
[SourceQuality "1"]
[WhiteTeam "Speyer"]
[BlackTeam "Werder Bremen"]

{[%evp 20,129,7,0,15,17,29,20,33,27,44,24,34,-8,0,-19,-29,-24,-21,-42,-29,-27,-27,-26,-17,-25,0,0,0,0,0,-13,0,0,0,-58,-43,-54,-51,-80,-72,-79,-86,-99,-93,-163,-67,-77,-76,-73,-66,-126,-130,-116,-130,-122,-122,-115,-118,-137,-109,-127,-87,-83,-77,-74,-72,-83,-8,-8,-8,-10,-15,-18,0,-16,0,-11,0,-264,-257,-242,-235,-214,-18,-29,0,-204,-204,-204,-203,-2349,-2214,-2241,-2069,-1452,-1342,-7100,-6498,-4261,-4075,-29960,-29949,-29952,-12672,-29975,-29974,-29978,-29976,-29970,-29958,-29986]} 1. e4 e5 2. Nf3 Nc6 3. Bc4 Bc5 4. c3 Nf6 5. d3 O-O 6. Bg5 Be7 {C54: Giuoco Piano: 4 c3 Nf6, main lines with 5 d4 and 5 d3} 7. Nbd2 {[%cal Bb1d2,Bd2c4,Bc4e3][%mdl 32]} d6 8. Bb3 h6 9. Bh4 Nh5 10. Bxe7 Qxe7 11. Nc4 {LiveBook: 4 Games} Be6 (11... Qf6 12. Ne3 Nf4 13. Bc2 Ne7 14. g3 {1-0 (39) Kramnik,V (2787)-Matlakov,M (2718) Wijk aan Zee 2018}) 12. Ne3 Rae8 $146 ({Predecessor:} 12... Nf6 13. O-O Rad8 14. Nh4 {½-½ (27) Baramidze,D (2557)-Fressinet,L (2676) Germany 2009}) 13. O-O Nf4 {[%cal Bh5f4,Bf4g6,Bg6e7,Be7f5][%mdl 32]} 14. g3 Ng6 15. h4 Qd7 16. Nh2 Nge7 17. Qh5 f5 18. exf5 Bxb3 19. axb3 Nxf5 20. b4 a6 21. Rae1 Rf7 22. d4 Ref8 {White must now prevent ...Nxe3.} 23. dxe5 $1 Nxe5 24. Qd1 Nxe3 25. Rxe3 Qc6 26. Qe1 Qb6 27. Kg2 ({Better is} 27. Qe2 $11) 27... a5 $1 $36 {[%cal Ba6a5,Ba5b4][%mdl 2080] Black has the initiative.} 28. f4 Nc6 29. Re8 axb4 30. Rxf8+ Rxf8 31. Qe6+ Kh8 32. Ng4 (32. Rf3 $17) 32... Nd8 (32... bxc3 $19 33. bxc3 Qb2+ 34. Kh3 Qxc3) 33. Qg6 bxc3 34. bxc3 Qc6+ 35. Kh3 ({White should try} 35. Rf3 $1 $15) 35... Qxc3 $17 36. f5 {f6 is the strong threat.} Qc4 $1 {[%cal Rc4f1]} 37. Re1 Qf7 38. Qxf7 Nxf7 {[%mdl 4096] Endgame KRN-KRN} 39. Re7 h5 40. Ne3 c5 {Threatens to win with ...b5.} 41. Rxb7 Nh6 42. Rd7 Re8 43. Nc4 Ng4 (43... Nxf5 $17 44. Nxd6 Nxd6 45. Rxd6 Rc8) 44. Kg2 $11 (44. Nxd6 {leads to mate.} Re2 45. Nf7+ Kg8 46. Nh6+ gxh6 47. Rd8+ Kf7 48. Rd7+ Ke8 49. Re7+ Kxe7 50. f6+ Kd8 51. f7 Rh2#) 44... Re2+ 45. Kg1 Re1+ 46. Kg2 Re2+ 47. Kg1 Ne5 48. Rd8+ Kh7 49. Nxd6 $2 {[%mdl 8192]} (49. Kf1 $11 {and White is okay.} Ra2 50. Nxd6) 49... Rd2 $19 50. Nf7 {[%csl Gf7][%cal Rd8h8] [#]} Nf3+ $1 51. Kf1 {[%csl Gf7][%cal Rd8h8]} Nh2+ $2 (51... Rxd8 $19 52. Nxd8 Nd4) 52. Ke1 $1 $11 {[%csl Gf7][%cal Rd8h8]} Nf3+ $2 (52... Rxd8 $11 53. Nxd8 Nf3+ 54. Kf2 Nd4) 53. Kf1 $19 {[%csl Gf7][%cal Rd8h8]} Rxd8 54. Nxd8 {[#] KN-KN} c4 $1 {[%cal Rc4c3] Hoping for ...c3.} 55. Ke2 $2 (55. Nc6 c3 56. Nb4) 55... Nd4+ 56. Kd2 Nxf5 57. Ne6 Nxg3 58. Nf4 Kh6 59. Kc3 Nf5 60. Ng2 Nd6 61. Kd4 g5 62. hxg5+ Kxg5 {Black mates.} 63. Ne1 Kf4 64. Kd5 h4 65. Kd4 {Precision: White = 45%, Black = 59%.} 0-1

[Event "BL 2017-18"]
[Site "Germany"]
[Date "2018.03.10"]
[Round "11"]
[White "Shytaj, Luca"]
[Black "Hracek, Zbynek"]
[Result "0-1"]
[WhiteElo "2448"]
[BlackElo "2583"]
[Annotator "TA"]
[PlyCount "92"]
[EventDate "2018.05.24"]
[EventType "team-tourn"]
[EventCountry "GER"]
[SourceTitle "playchess.com"]
[Source "ChessBase"]
[SourceQuality "1"]
[WhiteTeam "Speyer"]
[BlackTeam "Werder Bremen"]

{[%evp 11,92,11,25,-8,-7,-2,-2,0,0,-2,-1,-10,0,-20,-3,-20,11,-25,0,0,0,0,0,0,0,-3,0,-41,-19,-62,-29,-59,-47,-41,-43,-78,-76,-100,-93,-152,-173,-156,-166,-166,-147,-183,-129,-129,-129,-129,-114,-114,-114,-129,-129,-129,-129,-125,-104,-109,-65,-129,-129,-267,-140,-140,-140,-140,-140,-402,-140,-140,0,-402,-402,-350,-385,-380,-358,-534,-467,-510,-585]} 1. e4 e5 2. Nf3 Nc6 3. Bb5 a6 4. Ba4 Nf6 5. d3 b5 6. Bb3 Bc5 {LiveBook: 454 Games} 7. a3 {C77: Ruy Lopez: 3...a6 4 Ba4 Nf6, unusual lines} (7. Nc3 {seems wilder.} d6 8. Nd5 h6 9. c3 O-O 10. O-O) 7... d6 8. Be3 Bxe3 9. fxe3 {The position is equal.} O-O 10. O-O Ne7 11. Qe1 $146 ({Predecessor:} 11. Nc3 Ng6 12. Ne2 c5 13. Ng3 Qc7 14. Nd2 Be6 15. Rxf6 gxf6 16. Qf3 c4 17. dxc4 bxc4 18. Qxf6 {1-0 (43) Anand,V (2786)-Karjakin,S (2782) Moscow 2013}) 11... Ng6 12. Nbd2 c6 13. a4 Be6 14. h3 (14. Bxe6 {feels hotter.} fxe6 15. Ng5 Re8 16. Qg3 a5 17. c3) 14... c5 (14... Bxb3 {keeps more tension.} 15. Nxb3 Qb6 16. Nh2 Nd7 17. Nf3 Rfc8) 15. Bxe6 fxe6 16. axb5 axb5 17. Rxa8 Qxa8 18. Ng5 Re8 19. Qg3 Qa7 20. h4 Nf8 21. Qf3 h6 22. Nh3 Ng6 23. h5 Nf8 24. g4 N8h7 25. Kg2 (25. c4 $142) 25... Qa2 $17 26. Rb1 c4 27. Qd1 d5 28. Kg3 dxe4 (28... Rd8 $19 {...dxe4 is the strong threat.} 29. exd5 Nxd5) 29. Nxe4 Nxe4+ 30. dxe4 Nf6 31. Nf2 Rf8 32. c3 Qa7 33. Qe2 Qb7 34. Qc2 Nh7 35. Nh3 Rd8 36. Nf2 ({White should play} 36. Rd1 $15 Rxd1 37. Qxd1) 36... Ng5 37. b3 (37. Ra1 $17) 37... Qc6 (37... b4 $19 38. cxb4 Rf8) 38. bxc4 bxc4 39. Rb4 Rf8 40. Qe2 $2 {[%mdl 8192] [#]} (40. Kg2 $17) 40... Rc8 $2 (40... Nxe4+ $19 {and Black stays clearly on top.} 41. Nxe4 Qxe4) 41. Qc2 Rf8 $2 {[%mdl 8192]} (41... Rd8 $17 42. Kg2 Rf8) 42. Qe2 $1 $19 Nxe4+ 43. Nxe4 Qxe4 44. Kh2 Qd3 45. Rb2 (45. Qxd3 $142 cxd3 46. Kg2) 45... Qxc3 46. Rc2 Qd3 {Precision: White = 33%, Black = 42%.} 0-1

[Event "BL 2017-18"]
[Site "Germany"]
[Date "2018.03.10"]
[Round "11"]
[White "Ginsburg, Gennadi"]
[Black "Smeets, Jan"]
[Result "0-1"]
[WhiteElo "2442"]
[BlackElo "2608"]
[Annotator "TA"]
[PlyCount "92"]
[EventDate "2018.05.24"]
[EventType "team-tourn"]
[EventCountry "GER"]
[SourceTitle "playchess.com"]
[Source "ChessBase"]
[SourceQuality "1"]
[WhiteTeam "SV Hofheim"]
[BlackTeam "Solingen"]

{[%evp 22,92,0,-4,0,-10,0,-52,0,-7,-4,-7,0,0,0,-12,-16,-8,-14,-3,19,0,0,0,0,0,0,0,0,0,0,-39,-37,-78,-77,-65,-65,-96,-106,-121,-89,-99,-90,-95,-52,-236,-247,-261,-244,-430,-337,-417,-377,-380,-340,-374,-368,-356,-358,-361,-326,-417,-393,-1736,-1441,-2145,-2173,-2183,-2144,-2164,-2158,-1771,-1515]} 1. e4 c5 2. Nf3 d6 3. d4 cxd4 4. Nxd4 Nf6 5. Nc3 a6 6. Bg5 Nbd7 7. Bc4 Qb6 {B94: Sicilian Najdorf: 6 Bg5 Nbd7} (7... h6 8. Bh4 g6 9. Qe2 e5 10. Nb3 Be7 11. a4 Nb6 12. Bd3 Be6 13. a5 Nbd7 14. Bc4 Rc8 15. Bxe6 fxe6 16. O-O {1-0 (79) Nepomniachtchi,I (2751)-Fedoseev,V (2724) Moscow 2018}) 8. Bb3 e6 9. Qd2 Be7 10. O-O-O Nc5 11. Rhe1 h6 12. Bxf6 {LiveBook: 6 Games} Bxf6 13. f4 Bd7 14. Kb1 $1 O-O-O $146 ({Black should play} 14... O-O $15) ({Predecessor:} 14... Qc7 15. Nf3 O-O-O 16. g3 Bc6 17. Nd4 Bd7 18. Nf3 Bc6 19. Nd4 Bd7 {½-½ (19) Oechslein,R (2394)-Cintins,I (2339) ICCF email 2016}) 15. e5 dxe5 16. fxe5 Bg5 17. Qf2 Rhf8 18. h4 Be7 19. Ne4 Nxe4 20. Rxe4 f5 21. Re2 Be8 22. Red2 Bh5 23. Re1 (23. Nxe6 $2 Qxf2 24. Nxd8 Rxd8 $19) 23... Bc5 24. c3 Kb8 25. Qf4 Rfe8 26. Ba4 Rg8 27. Bb3 g5 28. hxg5 hxg5 29. Qh2 Bg6 {[%cal Rc5d4]} ({Much worse is} 29... Bxd4 $6 30. Qxh5 Bxe5 31. Rxd8+ Rxd8 32. Qxg5 $11) 30. Red1 ({Avoid the trap} 30. Bxe6 $2 Rh8 $19) 30... Rh8 31. Qg1 Bh5 $36 {[%mdl 2048] [#] Hoping for ...Bxd4. Black is really pushing.} 32. Re1 Rd7 33. Qe3 $2 (33. a3 $1 $15) 33... f4 $19 34. Qf2 Rhd8 35. Bd1 $2 (35. Rc1) 35... Bg6+ (35... Bxd4 $2 36. cxd4 Bg6+ 37. Bc2 $19) 36. Bc2 Bxc2+ (36... Bxd4 $2 37. cxd4 Bxc2+ 38. Rxc2 $19) 37. Rxc2 Bxd4 38. cxd4 Rxd4 {[#] ( -> ...Rd1+)} 39. Rec1 R8d5 40. Qe2 Ka7 41. Re1 Rd3 42. Qe4 $2 (42. Rf1) 42... Re3 {Black is clearly winning.} 43. Rxe3 Rd1+ ({Less strong is} 43... Qxe3 44. Qxe3+ fxe3 45. Re2 $17) 44. Rc1 Rxc1+ 45. Kxc1 Qxe3+ 46. Qxe3+ fxe3 {Precision: White = 38%, Black = 76%.} 0-1

[Event "BL 2017-18"]
[Site "Germany"]
[Date "2018.03.10"]
[Round "11"]
[White "Hoffmann, Michael"]
[Black "Wagner, Dennis"]
[Result "0-1"]
[WhiteElo "2442"]
[BlackElo "2557"]
[Annotator "TA"]
[PlyCount "82"]
[EventDate "2018.05.24"]
[EventType "team-tourn"]
[EventCountry "GER"]
[SourceTitle "playchess.com"]
[Source "ChessBase"]
[SourceQuality "1"]
[WhiteTeam "Aachen"]
[BlackTeam "Hockenheim"]

{[%evp 23,82,26,12,-6,-4,-19,-11,-12,-3,-35,0,-47,-56,-54,-41,-116,-106,-120,-107,-113,-79,-144,-133,-178,-176,-200,-191,-200,-188,-188,-196,-208,-203,-217,-108,-113,-106,-114,-111,-105,-95,-101,-104,-100,-85,-128,-123,-193,-176,-196,-210,-244,-238,-255,-263,-245,-231,-472,-455,-782,-502]} 1. e4 e5 2. Nf3 Nc6 3. Bc4 Bc5 4. O-O Nf6 5. d3 d6 6. c3 a6 7. a4 Ba7 8. Re1 O-O 9. h3 Ne7 10. Nbd2 Ng6 {C54: Giuoco Piano: 4 c3 Nf6, main lines with 5 d4 and 5 d3} 11. Nf1 c6 12. Bb3 d5 {LiveBook: 9 Games. White has an edge.} 13. Be3 $146 ({Predecessor:} 13. Ng3 Be6 14. exd5 Nxd5 15. d4 exd4 16. Nxd4 Qc7 17. Bxd5 Bxd5 18. Ndf5 {0-1 (29) Harikrishna,P (2737)-Bacrot,E (2715) Biel 2017}) 13... Bxe3 14. Rxe3 Qc7 15. Ng3 Bd7 16. Qc2 Rad8 17. Rae1 dxe4 $1 18. dxe4 c5 19. Bd5 ({Better is} 19. c4 $15) 19... c4 $1 $17 20. b3 Nxd5 21. exd5 {[%cal Rf3e5]} f6 {[%cal Bf7f6,Bf6f5][%mdl 32]} 22. Nd2 (22. Rd1 $142) 22... f5 {And now ...f4 would win.} 23. d6 ({But not} 23. Nxc4 $2 f4) 23... Qc6 {White must now prevent ...f4.} 24. Rxe5 {[%cal Rg3f5]} Nxe5 25. Rxe5 cxb3 26. Qxb3+ Kh8 27. Qb4 Qxa4 28. Qxb7 Bc6 (28... Qa1+ $1 $19 {has better winning chances.} 29. Ngf1 Qxc3) 29. Qc7 {[#]} Rd7 $1 {[%cal Rd7c7]} 30. Rxf5 {[%cal Rf5f8]} Rg8 31. Qa5 Rxd6 32. Qxa4 Bxa4 33. Nge4 Rg6 34. Nf3 {Threatening Ne5.} Rb8 35. Ne5 (35. Ng3 $17) 35... Rgb6 36. Nc5 Bc2 37. Rf7 {[#]} Ra8 $1 38. Rc7 a5 {[%cal Ba6a5,Ba5a4][%mdl 32]} 39. Nc4 Rbb8 40. Nd6 $2 (40. Nd7 Rc8 41. Rxc8+ Rxc8 42. Nxa5) 40... a4 $19 41. Ne6 (41. Nxa4 $142 Bxa4 42. c4) 41... Bg6 {Precision: White = 29%, Black = 75%.} 0-1

[Event "BL 2017-18"]
[Site "Germany"]
[Date "2018.03.10"]
[Round "11"]
[White "Vogel, Roven"]
[Black "Ribli, Zoltan"]
[Result "1/2-1/2"]
[WhiteElo "2438"]
[BlackElo "2535"]
[Annotator "TA"]
[PlyCount "84"]
[EventDate "2018.05.24"]
[EventType "team-tourn"]
[EventCountry "GER"]
[SourceTitle "playchess.com"]
[Source "ChessBase"]
[SourceQuality "1"]
[WhiteTeam "Dresden"]
[BlackTeam "Bayern Muenchen"]

{[%evp 19,84,3,18,17,16,6,13,15,17,19,22,20,21,0,18,-4,0,-4,17,11,16,-14,-18,-31,0,-33,-21,-29,0,0,0,-33,-33,-41,-27,-25,0,0,0,0,137,0,31,0,0,0,0,-16,-17,-26,-28,-16,-29,-29,-15,-27,-16,-24,0,0,0,0,0,-8,-8,-8,-8]} 1. c4 e6 2. Nf3 d5 3. e3 Nf6 4. b3 a6 (4... c5 5. Bb2 Nc6 6. cxd5 exd5 7. Bb5 Bd6 8. d4 cxd4 9. Nxd4 O-O 10. Nxc6 bxc6 11. Be2 Qa5+ 12. Bc3 Bb4 13. Qd2 Rb8 14. Bxb4 Qxb4 15. Qxb4 Rxb4 {0-1 (41) Karjakin,S (2760)-Wei,Y (2739) Medias 2017}) 5. Bb2 c5 6. cxd5 {A13: English Opening: 1...e6} exd5 7. Be2 Nc6 8. d4 cxd4 9. Nxd4 Bb4+ 10. Bc3 Bd6 {LiveBook: 7 Games} 11. Nd2 O-O 12. O-O Bd7 $146 ({Predecessor:} 12... Re8) 13. Qc2 Re8 14. Nxc6 bxc6 15. Rac1 Qe7 16. Rfe1 a5 17. Bf3 Ng4 18. g3 f5 (18... Ba3 {is interesting.} 19. Bb2 Ne5 20. Bxa3 Qxa3 21. e4 Nxf3+ 22. Nxf3 dxe4 23. Nd2 a4) 19. Bg2 Nf6 20. Bxf6 Qxf6 21. Nb1 a4 22. Red1 axb3 23. axb3 Be5 {And now ...Bb2 would win.} 24. Nd2 {[%cal Bb1d2,Bd2f3,Bf3d4][%mdl 32]} Reb8 25. Qd3 Be8 26. f4 Bd6 27. Nf3 Kh8 28. Nd4 Ba3 {White must now prevent ...c5.} 29. Rc2 g6 {[#]} (29... Bd7 $11) 30. Ra1 ({White should try} 30. Nxc6 $1 $16 {[%mdl 512]} Bxc6 {[#]} 31. Rxc6 $1 {[%mdl 512]}) 30... Bf8 31. Rca2 Rxa2 32. Rxa2 c5 33. Nf3 {[#]} c4 $1 {[%mdl 512]} 34. bxc4 dxc4 35. Qd4 Qxd4 36. Nxd4 Bf7 37. Bf1 Bc5 38. Rc2 Rb4 39. Kf2 {The position is equal.} Kg7 40. Nc6 Rb3 41. Bxc4 Bxe3+ 42. Kg2 Bxc4 {Precision: White = 58%, Black = 48%.} 1/2-1/2